Entwicklungstheorie und Entwicklungspolitik ; Gerhard Mackenroth zum Gedachtnis von seinen Freunden und Schulern /

Bibliographic Details
Main Author: Boettcher, Erik
Format: Book
Language:German
Published: Tubingen : J.C.B. Mohr, 1964.
Series:Die Einheit der Gesellschaftswissenschaften, 1
Subjects:

MARC

Tag First Indicator Second Indicator Subfields
LEADER 00000cam a2200000 4500
001 in00000058824
005 20151008050502.0
008 791001s1964 gw c 00010 ger
010 |a  66086449  
035 |a (OCoLC)05453367 
035 |9 AAG1325AM 
040 |a DLC  |c COO  |d TXA  |d UtOrBLW 
049 |a TXAM  |c [453931] 
050 0 0 |a HC60  |b .B62 
092 |a 330.9  |b B673e 
100 1 |a Boettcher, Erik. 
245 1 0 |a Entwicklungstheorie und Entwicklungspolitik ;  |b Gerhard Mackenroth zum Gedachtnis von seinen Freunden und Schulern /  |c Mit Beitraagen von Erik Boettcher [and others]. 
264 1 |a Tubingen :  |b J.C.B. Mohr,  |c 1964. 
300 |a xii, 550 pages :  |b portrait ;  |c 24 cm. 
336 |a text  |b txt  |2 rdacontent 
337 |a unmediated  |b n  |2 rdamedia 
338 |a volume  |b nc  |2 rdacarrier 
490 0 |a Die Einheit der Gesellschaftswissenschaften, 1 
600 1 0 |a Mackenroth, Gerhard,  |d 1903-1955. 
651 0 |a Developing countries. 
650 0 |a Economic policy. 
650 0 |a Festschriften. 
999 |a MARS 
999 f f |s ad22989c-b4f0-371a-bd89-0f6a146085a6  |i ebec9c16-4881-3255-b08a-55122b095ada  |t 0 
952 f f |p ric  |a Texas A&M University  |b Rellis Campus  |c Joint Library Facility  |d Remote Storage  |t 0  |e HC60 .B62  |h Library of Congress classification  |i unmediated -- volume  |m A14800697626 
998 f f |a HC60 .B62  |t 0  |l Remote Storage